000 00860nam a2200265Ia 4500
003 OSt
005 20221005092127.0
006 a|||||r|||| 00| 0
007 ta
008 221004b |||||||| |||| 00| 0 eng d
020 _a9780415450867 (hbk)
_c4489.80
024 _a97152
037 _b26837, 09/01/2009, Segment Book Distributors
_cTextual
040 _aCRL
_cCRL
_beng
041 _2eng
_aeng
082 _aU8.3.M, P9
100 _aGrant Ben
_9616930
245 0 _aPostcolonialism, psychoanalysis and burton
_b Power play of empire
260 _aNew York
_bRoutledge Taylor & Francis USA
_c2009
300 _axi,209p.
_ccm.
490 _aRoutledge reserach in postcolonial literatures
650 _aGEOGRAPHY
942 _hU8.3.M, P9
_cTEXL
_2cc
999 _c998398
_d998398